000 00461nam a22001817a 4500
003 OSt
005 20140310182209.0
008 130905t xxu||||| |||| 00| 0 eng d
020 _a1863432922
050 _aTX 837
_b.C357 1997
082 _aHS 641.563
_b C28 1997
100 _aCate, Andrew
_916654
245 _aSlim trim & tasty /
_cAndrew Cate
300 _a80 p. :
_bcol. ill. ;
_c28 cm.
650 _aRecipe
_916655
942 _2lcc
_cHS
999 _c10415
_d10415